000 00691nam a2200181 a 4500
001 000045748
005 20240422202219.0
008 150511s1982 dr 000 0 spa d
040 _aDO-SdBNP
_bspa
_cBNPHU
082 _axxxxxxxxx
_bxxxxxxxxx
110 1 _aRepública Dominicana. [Leyes, etc.]
_bSecretaría de Estado de Finanzas
_bInstituto de Capacitación Tributaria
_973815
245 1 0 _aLegislación económico tributaria :
_baño 1979.
260 _aSanto Domingo :
_bIncat,
_c1982.
300 _a475 p. ;
_c27 cm.
650 4 _aDerecho fiscal
_zRepública Dominicana
_98288
650 0 _aProcedimiento tributario
_98289
650 4 _aImpuestos
_xAdministración
_zRepública Dominicana
_98290
999 _c45237
_d45237